| 000 | 01497nam a22002777a 4500 | ||
|---|---|---|---|
| 001 | BRCA_9181 | ||
| 003 | FranzMayer | ||
| 005 | 20220809132151.0 | ||
| 008 | 220701b |||||||| |||| 00| 0 spa d | ||
| 020 | _a9786078624461 | ||
| 040 | _cMFM | ||
| 041 | _aspa | ||
| 050 |
_aF1229.Z3 _bC377 2019 |
||
| 100 |
_aCastillejos, David _eautor _928395 |
||
| 245 |
_aLluvia de viento. _bEl último Rey Zapoteca : sobrino del emperador azteca Moctezuma II / _cDavid Castillejos |
||
| 260 |
_aCiudad de México _bPlaza y Valdés _c2019 |
||
| 300 |
_a266 p. : _bil. fot. map. y cuadros genealógicos ; _c17 x 22.5 cm |
||
| 500 | _aUbicación: L59-N5 | ||
| 504 | _aReferencias: p. 251-266 | ||
| 520 |
_a"Cosijopii II, último rey zapoteca y sobrino del embajador azteca Moctezuma II, reinaba en Tehuantepec cuando Hernán Cortés desembarcó en las costas del Golfo de México. Su vida se vio envuelta en tumulto: navegó por dos culturas y existió en dos vidas diferentes. Seguimos sus vivencias y el devenir de su linaje hasta finales de la época colonial y principios del México independiente." - Proporcionado por el autor. _bSe relatan en este libro descubrimientos realizados por investigadores de la etnohistoria de Oaxaca. |
||
| 600 |
_aCortés, Hernán, _d1485-1547 _xHistoria _xConquista _zMéxico _928396 |
||
| 600 |
_aCosijopii, King of Teotzapotlán, _d1502- _xHistoria _xZapotecas _928397 |
||
| 651 |
_aMéxico _xHistoria _ySiglo XVI _928398 |
||
| 942 |
_2lcc _cB |
||
| 999 |
_c10800 _d10800 |
||